000 00363nam a2200157Ia 4500
008 200103s9999||||xx |||||||||||||| ||und||
020 _a9780273626275
040 _aIMU-MPC
082 _aColumn-9
100 _aBroadhurst, Alison
245 0 _aHealth and Safety
250 _a3rd Ed.
260 _bPitman Publishing
_c1996
300 _aviii, 151
942 _cBK
999 _c4174
_d4174